The epistemology of disagreement : (Record no. 270)

MARC details
000 -LEADER
fixed length control field 01142nam a22003257a 4500
001 - CONTROL NUMBER
control field 17817599
005 - DATE AND TIME OF LATEST TRANSACTION
control field 20230613100839.0
008 - FIXED-LENGTH DATA ELEMENTS--GENERAL INFORMATION
fixed length control field 230330b |||||||| |||| 00| 0 eng d
010 ## - LIBRARY OF CONGRESS CONTROL NUMBER
LC control number 2012277490
015 ## - NATIONAL BIBLIOGRAPHY NUMBER
National bibliography number GBB305279
Source bnb
016 7# - NATIONAL BIBLIOGRAPHIC AGENCY CONTROL NUMBER
Record control number 016256224
Source Uk
020 ## - INTERNATIONAL STANDARD BOOK NUMBER
International Standard Book Number 9780199698370 (hbk.)
020 ## - INTERNATIONAL STANDARD BOOK NUMBER
International Standard Book Number 0199698376 (hbk.)
035 ## - SYSTEM CONTROL NUMBER
System control number (OCoLC)ocn825557439
040 ## - CATALOGING SOURCE
Original cataloging agency UKMGB
Language of cataloging eng
Transcribing agency KMU
Modifying agency KMU
Description conventions rda
042 ## - AUTHENTICATION CODE
Authentication code lccopycat
050 00 - LIBRARY OF CONGRESS CALL NUMBER
Classification number BD161
245 04 - TITLE STATEMENT
Title The epistemology of disagreement :
Remainder of title new essays /
Statement of responsibility, etc. edited by David Christensen and Jennifer Lackey.
260 ## - PUBLICATION, DISTRIBUTION, ETC.
Place of publication, distribution, etc. Oxford :
Name of publisher, distributor, etc. Oxford University Press,
Date of publication, distribution, etc. 2013.
300 ## - PHYSICAL DESCRIPTION
Extent vi, 272 p. :
Dimensions 25 cm.
504 ## - BIBLIOGRAPHY, ETC. NOTE
Bibliography, etc. note Includes bibliographical references and index.
650 #0 - SUBJECT ADDED ENTRY--TOPICAL TERM
Topical term or geographic name entry element Knowledge, Theory of.
650 #0 - SUBJECT ADDED ENTRY--TOPICAL TERM
Topical term or geographic name entry element Verbal self-defense
General subdivision Philosophy.
650 #0 - SUBJECT ADDED ENTRY--TOPICAL TERM
Topical term or geographic name entry element Dogmatism
General subdivision Philosophy.
700 1# - ADDED ENTRY--PERSONAL NAME
Personal name Christensen, David Phiroze,
Dates associated with a name 1955-
Relator term editor of compilation.
700 1# - ADDED ENTRY--PERSONAL NAME
Personal name Lackey, Jennifer,
Dates associated with a name 1969-
Relator term editor of compilation.
906 ## - LOCAL DATA ELEMENT F, LDF (RLIN)
a 7
b cbc
c copycat
d 2
e ncip
f 20
g y-gencatlg
942 ## - ADDED ENTRY ELEMENTS (KOHA)
Source of classification or shelving scheme Library of Congress Classification
Koha item type Non-Fiction
Suppress in OPAC No
Holdings
Withdrawn status Lost status Source of classification or shelving scheme Damaged status Not for loan Collection Home library Current library Shelving location Date acquired Total Checkouts Full call number Barcode Date last seen Price effective from Koha item type
    Library of Congress Classification     Non-fiction Kapasa Makasa University Kapasa Makasa University Open Access 30.03.2023   BD 161 Epi 300219 30.03.2023 30.03.2023 Non-Fiction